<?xml version="1.0" encoding="UTF-8"?>
<record
    xmlns:xsi="http://www.w3.org/2001/XMLSchema-instance"
    xsi:schemaLocation="http://www.loc.gov/MARC21/slim http://www.loc.gov/standards/marcxml/schema/MARC21slim.xsd"
    xmlns="http://www.loc.gov/MARC21/slim">

  <leader>02525nam a2200493 u 4500</leader>
  <controlfield tag="001">7587</controlfield>
  <controlfield tag="005">20260428104412.0</controlfield>
  <controlfield tag="008">951120s1980                        spa  </controlfield>
  <datafield tag="020" ind1=" " ind2=" ">
    <subfield code="a">9684515154</subfield>
  </datafield>
  <datafield tag="035" ind1=" " ind2=" ">
    <subfield code="a">7587</subfield>
  </datafield>
  <datafield tag="035" ind1=" " ind2=" ">
    <subfield code="a">(OCoLC)640121815</subfield>
  </datafield>
  <datafield tag="040" ind1=" " ind2=" ">
    <subfield code="c">comduadb</subfield>
  </datafield>
  <datafield tag="041" ind1=" " ind2=" ">
    <subfield code="a">spa</subfield>
  </datafield>
  <datafield tag="082" ind1=" " ind2="4">
    <subfield code="a">150</subfield>
  </datafield>
  <datafield tag="100" ind1="1" ind2="0">
    <subfield code="a">Davidoff, Linda L.</subfield>
    <subfield code="4">aut</subfield>
    <subfield code="e">aut</subfield>
    <subfield code="9">240660</subfield>
  </datafield>
  <datafield tag="245" ind1="1" ind2="0">
    <subfield code="a">Introducci&#xF3;n a la psicolog&#xED;a</subfield>
  </datafield>
  <datafield tag="250" ind1=" " ind2=" ">
    <subfield code="a">2. edici&#xF3;n</subfield>
  </datafield>
  <datafield tag="260" ind1=" " ind2=" ">
    <subfield code="a">M&#xE9;xico :</subfield>
    <subfield code="b">McGraw-Hill Interamericana,</subfield>
    <subfield code="c">1980.</subfield>
  </datafield>
  <datafield tag="300" ind1=" " ind2=" ">
    <subfield code="a">642 p&#xE1;ginas : ilustraciones</subfield>
  </datafield>
  <datafield tag="505" ind1=" " ind2=" ">
    <subfield code="a">CONTENIDO : Al estudiante Al maestro. -- Cap&#xED;tulo 1: Psicolog&#xED;a: presente y pasado. -- Cap&#xED;tulo 2: Psicolog&#xED;a: el enfoque cient&#xED;fico. -- Cap&#xED;tulo 3: El principio: herencia, ambiente y desarrollo inicial del ni&#xF1;o. -- Cap&#xED;tulo 4: Cerebro, conducta y cognici&#xF3;n. -- Cap&#xED;tulo 5: Procesos fundamentales del aprendizaje. -- Cap&#xED;tulo 6: Percepci&#xF3;n. -- Cap&#xED;tulo 7: Conciencia. -- Cap&#xED;tulo 8: Memoria. -- Cap&#xED;tulo 9: Pensamiento y lenguaje. -- Cap&#xED;tulo 10: Motivaci&#xF3;n. -- Cap&#xED;tulo 11: Emoci&#xF3;n. -- Cap&#xED;tulo 12: Inteligencia y creatividad. -- Cap&#xED;tulo 13: Personalidad. -- Cap&#xED;tulo 14: Adaptaci&#xF3;n a lo largo del ciclo de vida. -- Cap&#xED;tulo 15: Conducta anormal. -- Cap&#xED;tulo 16: Tratamiento de la conducta anormal. -- Cap&#xED;tulo 17: V&#xED;nculos sociales, influencias sociales y conducta social Ap&#xE9;ndice: Conceptos estad&#xED;sticos fundamentales Referencias. -- Glosario. -- Cr&#xE9;ditos. -- &#xCD;ndice anal&#xED;tico.</subfield>
  </datafield>
  <datafield tag="650" ind1=" " ind2="7">
    <subfield code="a">Psicolog&#xED;a</subfield>
    <subfield code="2">dcs</subfield>
    <subfield code="9">3096</subfield>
  </datafield>
  <datafield tag="650" ind1=" " ind2=" ">
    <subfield code="a">Investigaci&#xF3;n psicol&#xF3;gica</subfield>
    <subfield code="9">9496</subfield>
  </datafield>
  <datafield tag="650" ind1=" " ind2="7">
    <subfield code="a">Cerebro</subfield>
    <subfield code="2">lemb</subfield>
    <subfield code="9">5206</subfield>
  </datafield>
  <datafield tag="650" ind1=" " ind2="7">
    <subfield code="a">Cognici&#xF3;n</subfield>
    <subfield code="2">lemb</subfield>
    <subfield code="9">8995</subfield>
  </datafield>
  <datafield tag="650" ind1=" " ind2="7">
    <subfield code="a">Psicolog&#xED;a del aprendizaje</subfield>
    <subfield code="2">lemb</subfield>
    <subfield code="9">43785</subfield>
  </datafield>
  <datafield tag="650" ind1=" " ind2="7">
    <subfield code="a">Condicionamiento operante</subfield>
    <subfield code="2">lemb</subfield>
    <subfield code="9">43953</subfield>
  </datafield>
  <datafield tag="650" ind1=" " ind2=" ">
    <subfield code="a">Percepci&#xF3;n (Psicolog&#xED;a)</subfield>
    <subfield code="9">59905</subfield>
  </datafield>
  <datafield tag="650" ind1=" " ind2="7">
    <subfield code="a">Conciencia (Psicolog&#xED;a)</subfield>
    <subfield code="2">lemb</subfield>
    <subfield code="9">49806</subfield>
  </datafield>
  <datafield tag="650" ind1=" " ind2="7">
    <subfield code="a">Memoria</subfield>
    <subfield code="2">lemb</subfield>
    <subfield code="9">2153</subfield>
  </datafield>
  <datafield tag="650" ind1=" " ind2=" ">
    <subfield code="a">Pensamiento y lenguaje</subfield>
    <subfield code="9">35629</subfield>
  </datafield>
  <datafield tag="650" ind1=" " ind2=" ">
    <subfield code="a">Emociones (Psicolog&#xED;a)</subfield>
    <subfield code="9">103109</subfield>
  </datafield>
  <datafield tag="650" ind1=" " ind2="7">
    <subfield code="a">Inteligencia</subfield>
    <subfield code="2">lemb</subfield>
    <subfield code="9">30089</subfield>
  </datafield>
  <datafield tag="650" ind1=" " ind2="7">
    <subfield code="a">Personalidad</subfield>
    <subfield code="2">lemb</subfield>
    <subfield code="9">550</subfield>
  </datafield>
  <datafield tag="650" ind1=" " ind2=" ">
    <subfield code="a">Adaptaci&#xF3;n psicol&#xF3;gica</subfield>
    <subfield code="9">40430</subfield>
  </datafield>
  <datafield tag="650" ind1=" " ind2="7">
    <subfield code="a">Trastornos de la conducta</subfield>
    <subfield code="2">dcs</subfield>
    <subfield code="9">107951</subfield>
  </datafield>
  <datafield tag="650" ind1=" " ind2="7">
    <subfield code="a">Trastornos de ansiedad</subfield>
    <subfield code="2">dcs</subfield>
    <subfield code="9">82909</subfield>
  </datafield>
  <datafield tag="650" ind1=" " ind2="7">
    <subfield code="a">Trastornos de la personalidad</subfield>
    <subfield code="2">dcs</subfield>
    <subfield code="9">63144</subfield>
  </datafield>
  <datafield tag="650" ind1=" " ind2="7">
    <subfield code="a">Trastorno depresivo</subfield>
    <subfield code="2">dcs</subfield>
    <subfield code="9">80725</subfield>
  </datafield>
  <datafield tag="650" ind1=" " ind2="7">
    <subfield code="a">Psicoterapia</subfield>
    <subfield code="2">lemb</subfield>
    <subfield code="9">2359</subfield>
  </datafield>
  <datafield tag="650" ind1=" " ind2="7">
    <subfield code="a">Conducta social</subfield>
    <subfield code="2">lemb</subfield>
    <subfield code="9">53276</subfield>
  </datafield>
  <datafield tag="650" ind1=" " ind2="7">
    <subfield code="a">Aptitud creadora</subfield>
    <subfield code="2">lemb</subfield>
    <subfield code="9">5198</subfield>
  </datafield>
  <datafield tag="650" ind1=" " ind2="7">
    <subfield code="a">Motivaci&#xF3;n (Psicolog&#xED;a)</subfield>
    <subfield code="2">lemb</subfield>
    <subfield code="9">19584</subfield>
  </datafield>
  <datafield tag="942" ind1=" " ind2=" ">
    <subfield code="c">BOOK</subfield>
  </datafield>
  <datafield tag="999" ind1=" " ind2=" ">
    <subfield code="c">4650</subfield>
    <subfield code="d">4650</subfield>
  </datafield>
  <datafield tag="952" ind1=" " ind2=" ">
    <subfield code="0">0</subfield>
    <subfield code="1">0</subfield>
    <subfield code="4">0</subfield>
    <subfield code="7">0</subfield>
    <subfield code="8">GEN</subfield>
    <subfield code="a">BC</subfield>
    <subfield code="b">BC</subfield>
    <subfield code="d">2003-03-04</subfield>
    <subfield code="i">C771800</subfield>
    <subfield code="l">0</subfield>
    <subfield code="o">150 D249i</subfield>
    <subfield code="p">61000002017669</subfield>
    <subfield code="r">2023-04-20 00:00:00</subfield>
    <subfield code="t">1</subfield>
    <subfield code="w">2023-04-20</subfield>
    <subfield code="y">BOOK</subfield>
  </datafield>
  <datafield tag="952" ind1=" " ind2=" ">
    <subfield code="0">0</subfield>
    <subfield code="1">0</subfield>
    <subfield code="4">0</subfield>
    <subfield code="7">0</subfield>
    <subfield code="8">GENERAL</subfield>
    <subfield code="a">PTOBE</subfield>
    <subfield code="b">PTOBE</subfield>
    <subfield code="d">2008-05-06</subfield>
    <subfield code="i">C998496</subfield>
    <subfield code="l">1</subfield>
    <subfield code="o">150 D249</subfield>
    <subfield code="p">0998435</subfield>
    <subfield code="r">2024-03-04 00:00:00</subfield>
    <subfield code="s">2023-08-16</subfield>
    <subfield code="t">2</subfield>
    <subfield code="w">2023-04-20</subfield>
    <subfield code="y">BOOK</subfield>
  </datafield>
</record>
